Sonata dlja violončeli i f-no, soč. 119
Uložené v:
| Hlavný autor: | |
|---|---|
| Médium: | Zvuková nahrávka |
| Jazyk: | Russian |
| Vydané: |
[S.l.] :
[Aprelevskij zavod],
1956.
|
| Fyzický popis: |
1 gramofónová platňa : analog, 33 ot/min. ; 25 cm. |
| Tagy: |
Pridať tag
Žiadne tagy, Buďte prvý kto otaguje tento záznam!
|
Titul je dostupný aj v ... 

MARC
| LEADER | 00000njm a2200000 a 4500 | ||
|---|---|---|---|
| 001 | 000447921 | ||
| 003 | SVKKK | ||
| 005 | 20150605095916.0 | ||
| 008 | 131212s1956 ru rus d | ||
| 028 | 0 | 1 | |a D-3454-3455 |b [Aprelevskij zavod] |
| 040 | |a SVKKK |b slo |c SVKKK |e AACR2 | ||
| 041 | 0 | |g rus | |
| 044 | |a ru |c RU | ||
| 100 | 1 | |a Prokofiev, Sergej Sergejevič, |d 1891-1953 |4 cmp | |
| 245 | 1 | 0 | |a Sonata dlja violončeli i f-no, soč. 119 |h [zvukový záznam] |c Sergej Sergejevič Prokofiev. |
| 260 | |a [S.l.] : |b [Aprelevskij zavod], |c 1956. | ||
| 300 | |a 1 gramofónová platňa : |b analog, 33 ot/min. ; |c 25 cm. | ||
| 511 | 1 | |a Mstislav Rostropovič, violončelo ; Svjatoslav Richter, klavír | |
| 910 | |a svkkk | ||
| 998 | |a AM | ||
| 090 | |g SCKHL |k Sklad Pribinova 1. posch. |a IIG.166 |j 376 |i 2720370506 |s Prezenčne CD, DVD | ||
| 924 | |a LP | ||
| 924 | |a AVM | ||